Nihon no jōsei to Kyōsantō no ninmu : 1932-nen tēze /

Disimpan dalam:
Butiran Bibliografi
Pengarang Korporat: Communist International.
Format: Buku
Bahasa:Japanese
Diterbitkan: Tōkyō : Kaihōsha, Shōwa 21 [1946]
Siri:Kaihō sōsho ; 2.
Subjek-subjek:
Penanda-penanda: Tambah Penanda
Tiada Penanda, Jadilah orang pertama menanda rekod ini!
LEADER 01285nam a2200349 a 4500
001 007743455-2
005 20024617120653.0
008 890911s1946 ja 000 0 jpn
010 |a 89146237 /AJ 
035 0 |a ocm23837623 
040 |a DLC  |c DLC  |d *YNH*  |d CStRLIN 
043 |a a-ja--- 
050 0 |a HC463.9  |b .N94365 1946 
245 0 0 |6 880-01  |a Nihon no jōsei to Kyōsantō no ninmu :  |b 1932-nen tēze /  |c Kominterun cho. 
260 |6 880-02  |a Tōkyō :  |b Kaihōsha,  |c Shōwa 21 [1946] 
300 |a 53 p. ;  |c 18 cm. 
490 1 |6 880-03  |a Kaihō sōsho ;  |v 2 
500 |a Cover title. 
505 2 |6 880-04  |a Furoku: Nihon Kyōsantō Dai gokai Tōtaikai sengen, 1946. 
651 0 |a Japan  |x Economic policy  |y 1945-1989. 
650 0 |a Communist strategy. 
610 2 0 |6 880-05  |a Nihon Kyōsantō. 
710 2 |a Communist International. 
880 0 0 |6 245-01  |a 日本の情勢と共產黨の任務 :  |b 1932年テーゼ /  |c コミンテルン著. 
880 |6 260-02  |a 東京 :  |b 解放社,  |c 昭和 21 [1946] 
880 1 |6 490-03  |a 解放叢書 ;  |v 2 
880 2 |6 505-04  |a 附錄: 日本共產黨第五回黨大會宣言, 一九四六. 
880 2 0 |6 610-05  |a 日本共產黨. 
830 0 |6 880-53  |a Kaihō sōsho ;  |v 2. 
880 0 |6 830-53  |a 解放叢書 ;  |v 2. 
988 |a 20021214 
906 |0 DLC